| 000 | 00670nam a2200205Ia 4500 | ||
|---|---|---|---|
| 003 | GCL | ||
| 008 | 140319s9999 xx 000 0 ara d | ||
| 020 | _a1135210977 | ||
| 040 |
_aGCL / _cGCL |
||
| 082 | 0 | 4 |
_a953.02 _bم س |
| 100 | 1 | _aمصطفى احمد كمال | |
| 245 | 1 | 0 |
_aالسياسة العسكرية فى عهد الرسول / _cمصطفى احمد كمال |
| 250 | _aالاولى | ||
| 260 |
_aالقاهرة : _bدار الفكر العربى ، _c2000 |
||
| 300 |
_a95 ص ؛ _c15 سم |
||
| 650 | 0 | 4 | _aغزوات النبى |
| 650 | 0 | 4 | _aانتشار الاسلام |
| 650 | 0 | 4 | _aالاسلام - تاريخ - عصر النبوة |
| 942 |
_2ddc _cBK |
||
| 999 |
_c5120 _d5120 |
||